00370nam a2200121Ia 4500008004100000082001500041100002100056245005600077260004000133300001000173630001800183650004700201211109s9999||||xx |||||||||||||| ||und|| a824bBUR-R aBurke [edmund],  0aReflections on the Revolution in France Ed By h P a bUniversity of TorontoaLondonc1900 axxxvi xGeneral Stack aEnglish LiteraturevEnglish EssayxEnglish